| 000 | 00932nac a22002411u 4500 | ||
|---|---|---|---|
| 010 | _a 2004046564 | ||
| 020 | _a0521551951 | ||
| 020 | _a9780521551953 | ||
| 035 | _a(OCoLC)ocm54778568 | ||
| 082 | 0 | 0 |
_a621.381/045 _bL7401 |
| 090 |
_c2120 _d2120 |
||
| 100 | _aLiu, Jia-Ming, | ||
| 245 | 1 | 0 |
_aPhotonic devices / _cJia-Ming Liu. |
| 260 |
_aCambridge ; _aNew York : _bCambridge,2005 _c2005. |
||
| 300 |
_ali, 1052 p. : _bill. ; _c26 cm. |
||
| 504 | _aIncludes bibliographical references and index. | ||
| 650 | 0 | _aOptoelectronic devices. | |
| 650 | 0 | _aPhotonics. | |
| 856 | 4 | 1 |
_3Table of contents _uhttp://www.loc.gov/catdir/toc/cam041/2004046564.html |
| 856 | 4 | 1 |
_3Publisher description _uhttp://www.loc.gov/catdir/description/cam041/2004046564.html |
| 942 |
_cBB _k621.381L7401 |
||
| 999 |
_c2120 _d2120 |
||